Hamlet / (Record no. 18446)
[ view plain ]
| 000 -LEADER | |
|---|---|
| fixed length control field | 00813cam a22002652 4500 |
| 001 - CONTROL NUMBER | |
| control field | 18446 |
| 003 - CONTROL NUMBER IDENTIFIER | |
| rucl marc code | BD-RjUL |
| 005 - DATE AND TIME OF LATEST TRANSACTION | |
| control field | 20211209000303.0 |
| 008 - FIXED-LENGTH DATA ELEMENTS--GENERAL INFORMATION | |
| fixed length control field | 140220r19691947enk 000 0 eng |
| 035 ## - SYSTEM CONTROL NUMBER | |
| System control number | (BD-RjUL)18504 |
| 040 ## - CATALOGING SOURCE | |
| Original cataloging agency | DLC |
| Transcribing agency | YSM |
| Modifying agency | OCL |
| -- | ORL |
| -- | ORL |
| -- | BD-RjUL |
| Language of cataloging | eng |
| 041 ## - LANGUAGE CODE | |
| Language code of text/sound track or separate title | eng |
| 082 04 - DEWEY DECIMAL CLASSIFICATION NUMBER | |
| Classification number | 822.33 |
| Author mark and year | SHH 1969 |
| 100 1# - MAIN ENTRY--PERSONAL NAME | |
| Personal name | Shakespeare, William, |
| Dates associated with a name | 1564-1616. |
| 9 (RLIN) | 56841 |
| 245 10 - TITLE STATEMENT | |
| Title | Hamlet / |
| Statement of responsibility, etc. | ed. by George Rylands. |
| 260 ## - PUBLICATION, DISTRIBUTION, ETC. (IMPRINT) | |
| Place of publication, distribution, etc. | Oxford : |
| Name of publisher, distributor, etc. | Clarendon Press, |
| Date of publication, distribution, etc. | 1947 [reprinted 1969]. |
| 300 ## - PHYSICAL DESCRIPTION | |
| Pagination | 256 p. : |
| Illustrations | illus. ; |
| Size | 18 cm. |
| 490 0# - SERIES STATEMENT | |
| Series statement | The New Clarendon Shakespeare |
| 650 ## - SUBJECT ADDED ENTRY--TOPICAL TERM | |
| Topical term or geographic name as entry element | Hamlet (Legendary character) |
| 9 (RLIN) | 119579 |
| Topical term or geographic name as entry element | Hamlet (Shakespeare, William) |
| 9 (RLIN) | 119580 |
| 700 1# - ADDED ENTRY--PERSONAL NAME | |
| Personal name | Rylands, George, |
| Dates associated with a name | 1902-1999 |
| 942 ## - ADDED ENTRY ELEMENTS (KOHA) | |
| Source of classification or shelving scheme | Dewey Decimal Classification |
| Koha item type | Books |
| Lost status | Source of classification or shelving scheme | Damaged status | Not for loan | Collection code | Permanent Location | Current Location | Shelving location | Date acquired | Source of acquisition | Cost, normal purchase price | Total Checkouts | Total Renewals | Full call number | Date last seen | Date checked out | Copy number | Koha item type |
|---|---|---|---|---|---|---|---|---|---|---|---|---|---|---|---|---|---|
| Dewey Decimal Classification | Fiction | Central Library, University of Rajshahi | Central Library, University of Rajshahi | 24/02/1970 | Ziet | 6.60 | 2 | 822.33 SHH 1969 | 15/12/2021 | 15/12/2021 | C-9 | Books | |||||
| Dewey Decimal Classification | Fiction | Central Library, University of Rajshahi | Central Library, University of Rajshahi | 24/02/1970 | Ziet | 6.60 | 2 | 822.33 SHH 1969 | 13/12/2018 | 12/12/2018 | C-5 | Books | |||||
| Dewey Decimal Classification | Fiction | Central Library, University of Rajshahi | Central Library, University of Rajshahi | 24/02/1970 | Zeitlinger | 6.60 | 822.33 SHH 1969 | 22/02/2016 | C-2 | Books | |||||||
| Dewey Decimal Classification | Fiction | Central Library, University of Rajshahi | Central Library, University of Rajshahi | 24/02/1970 | Zeitlinger | 6.00 | 822.33 SHH 1969 | 16/11/2016 | C-3 | Books | |||||||
| Dewey Decimal Classification | Not For Loan | Central Library, University of Rajshahi | Central Library, University of Rajshahi | Reading Room | 24/02/1970 | Zeitlinger | 6.00 | 822.33 SHH 1969 | 24/02/2021 | C-1 | Books |